000 00320nam a2200145Ia 4500
005 20251222154407.0
008 251222s9999||||xx |||||||||||||| ||spa||
020 _a60925684
082 _a864/S22
100 _aSánchez, Charo
245 0 _aLatidos
250 _a1ra.ed.
264 _bGruo Kultea, S.L.
942 _cLIB
999 _c35503
_d35503